000 00700nam a2200289Ia 4500
005 20260324150818.0
008 008 260324s9999 xx 000 0 eng d
020 _a9780203704981
037 _aEBOOK
040 _aCRL
040 _beng
040 _cCRL
041 _2eng
041 _aeng
084 _qCRL
100 _aErnest Thompson Seton; Julia Moss Seton
_91227696
245 0 _aRevival: The Gospel of the Redman (1937)
245 3 _bAn Indian Bible
260 _bTaylor and Francis
260 _c1937
365 _a
365 _b240
856 _uhttp://www.taylorfrancis.com/books/9780203704981
942 _cEBOOK
999 _c1837821
_d1837821